A zöldfásiak

Elmentve itt :
Bibliográfiai részletek
Szerző: Horváth Dezső
Dokumentumtípus: Cikk
Megjelent: 1988-09-14
Sorozat:Délmagyarország 78 No. 220
Kulcsszavak:Domaszék, Társadalmi szerveződés klub Domaszék, Kulturális esemény olvasókör Domaszék
Online Access:http://dmarchiv.bibl.u-szeged.hu/86668
LEADER 00517nab a2200157 i 4500
001 delm86668
005 20190918111343.0
008 190918s1988 hu o 0|| hun d
040 |a SZTE Délmagyarország Archívum  |b hun 
041 |a hun 
100 1 |a Horváth Dezső 
245 1 2 |a A zöldfásiak  |h [elektronikus dokumentum] /  |c  Horváth Dezső 
260 |c 1988-09-14 
300 |a 5 
490 0 |a Délmagyarország  |v 78 No. 220 
695 |a Domaszék, Társadalmi szerveződés klub Domaszék, Kulturális esemény olvasókör Domaszék